000
00225 a2200097 4500
001
53495
100
_a
Swokowski, Earl W.
245
_a
Calculus, 6th ed
260
_a
Boston
_b
PWS Boston
_c
1994
090
_c
33676
_d
33676
942
_a
NUST-CAE
_c
MONOGRAPH
_c
26309
999
_c
288568
_d
288568